00423nam a2200121Ia 4500008004100000100002400041245009400065245002400159260005900183650001800242650001500260856002600275170221s9999 xx 000 0 und d aVirgil Ian Stanford 2aA Tea Party Online: A Content Analysis of Local, Regional, and State Tea Party Websites  cVirgil Ian Stanford bOnline Journal of Communication and Media Technologies xCommunication xMedia Arts uhttp://www.ojcmt.net/